[Event "ESP-ch FEDC 28th"]
[Site "Ubeda"]
[Date "2019.11.20"]
[Round "2"]
[White "Ampudia Asensio, Jose Luis"]
[Black "Alarcon Alarcon, Florentina"]
[Result "1-0"]
[WhiteElo "1624"]
[BlackElo "1361"]
[PlyCount "69"]
[EventDate "2019.11.19"]
[EventType "swiss"]
[EventRounds "8"]
[EventCountry "ESP"]
[SourceTitle "EXT 2024"]
[Source "ChessBase"]
[SourceDate "2023.10.10"]
[SourceVersion "1"]
[SourceVersionDate "2023.10.10"]
[SourceQuality "1"]

1. d4 d5 2. Nf3 Nf6 3. c4 c6 4. Nc3 e6 5. g3 Be7 6. Bg2 Nbd7 7. 0-0 0-0 8. Re1 Re8 9. Qc2 Nf8 10. Bg5 N6d7 11. Bxe7 Qxe7 12. e4 dxe4 13. Nxe4 Ng6 14. d5 exd5 15. Nf6+ Qxf6 16. Rxe8+ Ndf8 17. cxd5 Bf5 18. Qe2 Rxe8 19. Qxe8 cxd5 20. Qb5 Qc6 21. Qxc6 bxc6 22. Rc1 Bd7 23. Nd4 Ne7 24. b4 Ne6 25. Nxe6 fxe6 26. b5 c5 27. Rxc5 d4 28. Rc7 Bxb5 29. Rxe7 d3 30. Bf3 Kf8 31. Rxe6 Kf7 32. Rd6 Ke7 33. Rd4 a5 34. Be4 a4 35. Bxd3 1-0

[Event "ESP-ch FEDC 27th"]
[Site "Almunecar"]
[Date "2018.12.03"]
[Round "8"]
[White "Alarcon Alarcon, Florentina"]
[Black "Mena Lena, Antonio"]
[Result "1-0"]
[WhiteElo "1391"]
[BlackElo "1291"]
[PlyCount "87"]
[EventDate "2018.11.26"]
[EventType "swiss"]
[EventRounds "8"]
[EventCountry "ESP"]
[SourceTitle "EXT 2024"]
[Source "ChessBase"]
[SourceDate "2023.10.10"]
[SourceVersion "1"]
[SourceVersionDate "2023.10.10"]
[SourceQuality "1"]

1. e4 Nf6 2. e5 Nd5 3. d4 e6 4. c4 Bb4+ 5. Bd2 Bxd2+ 6. Qxd2 Nb6 7. Nf3 d5 8. exd6 cxd6 9. Nc3 a6 10. Bd3 N8d7 11. 0-0 Nf6 12. Rfe1 0-0 13. h3 Re8 14. Qf4 Bd7 15. Rad1 Bc6 16. Ng5 Qd7 17. Nce4 Nxe4 18. Nxe4 d5 19. Ng5 g6 20. Qh4 h5 21. b3 Re7 22. Re3 Rae8 23. g4 f5 24. gxh5 Rg7 25. h6 Rh7 26. Nxh7 Qxh7 27. Qg5 Qf7 28. Rg3 Kh7 29. h4 Rg8 30. Re1 Bd7 31. cxd5 Nxd5 32. Bc4 Nc3 33. Rge3 Ne4 34. Rxe4 fxe4 35. Rxe4 Qf5 36. Rf4 Kh8 37. Qf6+ Kh7 38. Rxf5 gxf5+ 39. Kh2 Rg6 40. Qf7+ Kxh6 41. Qxd7 Kh5 42. Kh3 f4 43. Qh7+ Rh6 44. Be2+ 1-0

[Event "ESP-ch FEDC 27th"]
[Site "Almunecar"]
[Date "2018.11.30"]
[Round "5"]
[White "Alarcon Alarcon, Florentina"]
[Black "San Juan Santin, Aaron"]
[Result "0-1"]
[WhiteElo "1391"]
[BlackElo "1181"]
[PlyCount "96"]
[EventDate "2018.11.26"]
[EventType "swiss"]
[EventRounds "8"]
[EventCountry "ESP"]
[SourceTitle "EXT 2024"]
[Source "ChessBase"]
[SourceDate "2023.10.10"]
[SourceVersion "1"]
[SourceVersionDate "2023.10.10"]
[SourceQuality "1"]

1. e4 e5 2. Nf3 Nc6 3. Nc3 Nf6 4. Bb5 d6 5. d3 Be7 6. 0-0 0-0 7. h3 Bd7 8. Ne2 a6 9. Ba4 Qc8 10. Kh2 Nd8 11. Ng3 Ne6 12. Bxd7 Qxd7 13. c3 Rad8 14. Be3 Rfe8 15. Qe2 Nc5 16. Bxc5 dxc5 17. Rfd1 Bd6 18. Nh4 Be7 19. Nhf5 g6 20. Nh6+ Kg7 21. Ng4 Nxg4+ 22. hxg4 Bg5 23. Kg1 Re6 24. Nf1 Rd6 25. Ne3 Bxe3 26. Qxe3 Rxd3 27. Rxd3 Qxd3 28. Qxc5 Qxe4 29. Qxc7 Rd2 30. g5 Rxb2 31. Qe7 Qf5 32. Rf1 b5 33. Qa3 Rb1 34. Rxb1 Qxb1+ 35. Kh2 Qf5 36. Qxa6 Qxf2 37. Qxb5 Qh4+ 38. Kg1 Qxg5 39. c4 Qe3+ 40. Kh2 Qf4+ 41. Kg1 e4 42. Qb2+ Qf6 43. Qe2 Qd4+ 44. Kh2 e3 45. c5 Qxc5 46. Qb2+ Kh6 47. a4 Qd6+ 48. Kg1 Qd1+ 0-1

[Event "ESP-ch FEDC 27th"]
[Site "Almunecar"]
[Date "2018.11.27"]
[Round "2"]
[White "Padron Hernandez, Oliver Antonio"]
[Black "Alarcon Alarcon, Florentina"]
[Result "0-1"]
[WhiteElo "1011"]
[BlackElo "1391"]
[PlyCount "64"]
[EventDate "2018.11.26"]
[EventType "swiss"]
[EventRounds "8"]
[EventCountry "ESP"]
[SourceTitle "EXT 2024"]
[Source "ChessBase"]
[SourceDate "2023.10.10"]
[SourceVersion "1"]
[SourceVersionDate "2023.10.10"]
[SourceQuality "1"]

1. e4 e5 2. Nc3 Nf6 3. Bc4 Nc6 4. a3 Be7 5. d3 0-0 6. h3 h6 7. Nf3 d6 8. Bd2 Bd7 9. Qc1 Kh7 10. Qd1 Be6 11. Bxe6 fxe6 12. 0-0 Qe8 13. Rb1 Qh5 14. Nb5 Bd8 15. Nc3 Nd4 16. Nxd4 exd4 17. Ne2 e5 18. Ng3 Qxd1 19. Rbxd1 g6 20. f4 exf4 21. Rxf4 Be7 22. Ne2 c5 23. b3 Nh5 24. Rff1 Bh4 25. Be1 Bg5 26. Bd2 Rxf1+ 27. Kxf1 Rf8+ 28. Ke1 Bh4+ 29. g3 Nxg3 30. Nxg3 Bxg3+ 31. Ke2 Rf2+ 32. Ke1 Rh2+ 0-1

[Event "Benidorm FEDC op 20th"]
[Site "Benidorm"]
[Date "2018.06.10"]
[Round "1"]
[White "Alarcon Alarcon, Florentina"]
[Black "Garcia Cervigon, Cecilio"]
[Result "0-1"]
[WhiteElo "1425"]
[BlackElo "1729"]
[PlyCount "50"]
[EventDate "2018.06.10"]
[EventType "swiss"]
[EventRounds "7"]
[EventCountry "ESP"]
[SourceTitle "CBM 184 Extra"]
[Source "ChessBase"]
[SourceDate "2018.06.28"]
[SourceVersion "1"]
[SourceVersionDate "2018.06.28"]
[SourceQuality "1"]

1. e4 c6 2. d4 d5 3. e5 Bf5 4. c3 e6 5. Nf3 c5 6. Bd3 Bxd3 7. Qxd3 Nc6 8. 0-0 Qb6 9. Nbd2 Rc8 10. Re1 cxd4 11. cxd4 Nb4 12. Qe3 Nc2 13. Qf4 Nxa1 14. Ng5 Nh6 15. Ndf3 Be7 16. h4 Nc2 17. Rd1 0-0 18. Qd2 Nf5 19. Qd3 Ncxd4 20. Nxd4 Qxd4 21. Qxd4 Nxd4 22. Be3 Bxg5 23. hxg5 Nc6 24. Bc5 Rfd8 25. b4 Nxe5 0-1

[Event "ESP-ch FEDC 26th"]
[Site "Ciudad Real"]
[Date "2017.11.19"]
[Round "8.18"]
[White "Mondelo Fidalgo, Antonio"]
[Black "Alarcon Alarcon, Florentina"]
[Result "1-0"]
[WhiteElo "1677"]
[BlackElo "1388"]
[PlyCount "79"]
[EventDate "2017.11.12"]
[EventType "swiss"]
[EventRounds "8"]
[EventCountry "ESP"]
[SourceTitle "EXT 2024"]
[Source "ChessBase"]
[SourceDate "2023.10.10"]
[SourceVersion "1"]
[SourceVersionDate "2023.10.10"]
[SourceQuality "1"]

1. d4 d5 2. Bf4 Nf6 3. e3 e6 4. Nf3 Nbd7 5. Bd3 h6 6. Nbd2 a6 7. h3 b5 8. Ne5 Bb7 9. 0-0 c5 10. c3 Bd6 11. Nxf7 Kxf7 12. Bxd6 c4 13. Bc2 Re8 14. Bg3 e5 15. dxe5 Nxe5 16. Nf3 Nxf3+ 17. Qxf3 Qe7 18. Qf5 Kg8 19. Rad1 Qf7 20. Rd4 Bc8 21. Qf3 Qe6 22. Bh4 Ne4 23. Bxe4 dxe4 24. Qh5 Rf8 25. Rfd1 Bb7 26. Rd7 Bc6 27. R7d6 Be8 28. Rxe6 Bxh5 29. Rdd6 Bf7 30. Rxe4 Bg6 31. Rxg6 a5 32. Rb6 Rab8 33. Ree6 b4 34. Rxb8 Rxb8 35. cxb4 axb4 36. Rc6 b3 37. a3 Rb5 38. Rxc4 Rd5 39. Rb4 Rd3 40. a4 1-0

[Event "ESP-ch FEDC 26th"]
[Site "Ciudad Real"]
[Date "2017.11.18"]
[Round "7.22"]
[White "Losilla Marin, Antonio"]
[Black "Alarcon Alarcon, Florentina"]
[Result "0-1"]
[WhiteElo "1596"]
[BlackElo "1388"]
[PlyCount "114"]
[EventDate "2017.11.12"]
[EventType "swiss"]
[EventRounds "8"]
[EventCountry "ESP"]
[SourceTitle "EXT 2024"]
[Source "ChessBase"]
[SourceDate "2023.10.10"]
[SourceVersion "1"]
[SourceVersionDate "2023.10.10"]
[SourceQuality "1"]

1. c4 e5 2. g3 Nf6 3. Bg2 d6 4. d3 Nc6 5. Nf3 h6 6. Nc3 Ne7 7. e4 c6 8. d4 Ng6 9. dxe5 Nxe5 10. Nxe5 dxe5 11. Qxd8+ Kxd8 12. 0-0 Be6 13. b3 Bc5 14. Ne2 Ke7 15. Bb2 Nd7 16. Kh1 f6 17. f4 g6 18. fxe5 fxe5 19. Ng1 Bxg1 20. Kxg1 Rhf8 21. Rfd1 Rf7 22. Rd2 b6 23. Rad1 Bg4 24. Rc1 c5 25. a3 Raf8 26. b4 Be6 27. bxc5 bxc5 28. Rcd1 Rb8 29. Bf1 Bg4 30. Re1 Rb3 31. Be2 Bxe2 32. Rexe2 Rff3 33. Rd5 Ke6 34. Red2 Rb7 35. Kg2 Re3 36. Rd6+ Ke7 37. Rxg6 Rxe4 38. Rxh6 Rxc4 39. Rh7+ Ke6 40. Bxe5 Kxe5 41. Rdxd7 Rc2+ 42. Kh3 Rxd7 43. Rxd7 c4 44. Rxa7 Ra2 45. g4 c3 46. Rc7 Rxa3 47. Kh4 Kd4 48. Rxc3 Rxc3 49. g5 Ke5 50. Kg4 Rc4+ 51. Kh5 Kf5 52. h4 Rc8 53. Kh6 Rh8+ 54. Kg7 Rxh4 55. g6 Rg4 56. Kh7 Rxg6 57. Kh8 Kf6 0-1

[Event "ESP-ch FEDC 26th"]
[Site "Ciudad Real"]
[Date "2017.11.17"]
[Round "6.24"]
[White "Alarcon Alarcon, Florentina"]
[Black "Riutort Aguilar, Francisco"]
[Result "1-0"]
[WhiteElo "1388"]
[BlackElo "1483"]
[PlyCount "76"]
[EventDate "2017.11.12"]
[EventType "swiss"]
[EventRounds "8"]
[EventCountry "ESP"]
[SourceTitle "EXT 2024"]
[Source "ChessBase"]
[SourceDate "2023.10.10"]
[SourceVersion "1"]
[SourceVersionDate "2023.10.10"]
[SourceQuality "1"]

1. e4 c5 2. Nf3 d6 3. d4 cxd4 4. Nxd4 Nf6 5. Nc3 a6 6. h3 g6 7. g4 Bg7 8. Bg2 Qb6 9. 0-0 Nc6 10. Nxc6 bxc6 11. a3 Rb8 12. Qe2 a5 13. Na4 Qc7 14. Kh1 0-0 15. Rb1 c5 16. Nc3 Rb6 17. Qe3 Bb7 18. g5 Nd7 19. Nd5 Bxd5 20. exd5 Re8 21. b3 Bd4 22. Qf3 Bg7 23. Bb2 Ne5 24. Qe2 e6 25. Bxe5 Bxe5 26. Qf3 Rbb8 27. Rfd1 Qb7 28. Qd3 Qc7 29. Rf1 Qd8 30. f4 Bg7 31. h4 exd5 32. Bxd5 Qd7 33. f5 Bd4 34. Rf3 Re7 35. Rbf1 Rbe8 36. fxg6 Kg7 37. Rxf7+ Kh8 38. g7+ Kg8 1-0

[Event "Benidorm op 18th"]
[Site "Benidorm"]
[Date "2017.06.14"]
[Round "4"]
[White "Alarcon Alarcon, Florentina"]
[Black "Salas Rasilla, Concepcion"]
[Result "0-1"]
[WhiteElo "1393"]
[BlackElo "1612"]
[PlyCount "48"]
[EventDate "2017.06.11"]
[EventType "swiss"]
[EventRounds "7"]
[EventCountry "ESP"]
[SourceTitle "EXT 2018"]
[Source "ChessBase"]
[SourceDate "2017.10.13"]
[SourceVersion "1"]
[SourceVersionDate "2017.10.13"]
[SourceQuality "1"]

1. e4 c5 2. Nf3 e6 3. d4 cxd4 4. Nxd4 a6 5. Nc3 Qc7 6. Be3 Nf6 7. Bd3 Bb4 8. Nde2 Nc6 9. a3 Be7 10. Qd2 b5 11. Nd4 Bb7 12. f3 0-0 13. Nxc6 Bxc6 14. g4 d6 15. h4 Nd7 16. f4 Rfd8 17. Qf2 Nc5 18. Qf3 d5 19. Bxc5 Bxc5 20. Rh2 Bd4 21. e5 Bxc3+ 22. bxc3 d4 23. Be4 Bxe4 24. Qxe4 Qxc3+ 0-1

[Event "Madrid FEDC-ch 25th"]
[Site "Madrid"]
[Date "2016.11.12"]
[Round "7"]
[White "Miramon Borragan, Gustavo"]
[Black "Alarcon Alarcon, Florentina"]
[Result "1-0"]
[WhiteElo "1576"]
[BlackElo "1496"]
[PlyCount "89"]
[EventDate "2016.11.06"]
[EventType "swiss"]
[EventRounds "8"]
[EventCountry "ESP"]
[SourceTitle "CBM 175 Extra"]
[Source "ChessBase"]
[SourceDate "2016.12.12"]
[SourceVersion "1"]
[SourceVersionDate "2016.12.12"]
[SourceQuality "1"]

1. e4 e5 2. Nf3 Nc6 3. Bb5 a6 4. Ba4 Nf6 5. d3 b5 6. Bb3 d6 7. c3 Be7 8. h3 0-0 9. 0-0 Na5 10. Bc2 c5 11. Re1 Nc6 12. Nbd2 Be6 13. Nf1 Qd7 14. Ng5 h6 15. Nxe6 fxe6 16. Ng3 Rf7 17. Nh5 Bf8 18. Be3 g6 19. Nxf6+ Rxf6 20. Qg4 Qf7 21. Bb3 a5 22. a3 Bg7 23. Rf1 Rf8 24. Rac1 Kh7 25. Qe2 g5 26. Ba2 Qg6 27. Bb1 h5 28. d4 Bh6 29. d5 Ne7 30. g3 h4 31. g4 Kg7 32. Qxb5 Qf7 33. b4 axb4 34. cxb4 exd5 35. exd5 Nxd5 36. Qd3 Qg8 37. Ba2 Qh7 38. Qxh7+ Kxh7 39. Bxd5 cxb4 40. axb4 Rb8 41. Rc7+ Kh8 42. Rb7 Rc8 43. Rc1 Rxc1+ 44. Bxc1 Bg7 45. Bxg5 1-0

[Event "Benidorm FEDC op 14th"]
[Site "Benidorm"]
[Date "2014.06.09"]
[Round "2"]
[White "Escudero Ocana, Francisco"]
[Black "Alarcon Alarcon, Florentina"]
[Result "0-1"]
[WhiteElo "1467"]
[BlackElo "1503"]
[PlyCount "54"]
[EventDate "2014.06.08"]
[EventType "swiss"]
[EventRounds "7"]
[EventCountry "ESP"]
[SourceTitle "EXT 2016"]
[Source "ChessBase"]
[SourceDate "2015.10.08"]
[SourceVersion "1"]
[SourceVersionDate "2015.10.08"]
[SourceQuality "1"]

1. e4 e5 2. Nf3 Nc6 3. Bb5 a6 4. Ba4 Nf6 5. d3 Bb4+ 6. Bd2 Bxd2+ 7. Nbxd2 d6 8. 0-0 0-0 9. c3 Ne7 10. d4 Bg4 11. Re1 Ng6 12. Qc2 Qc8 13. Re3 Bh3 14. g3 Qg4 15. Nc4 Qh5 16. Bb3 Bg4 17. Rae1 Rfe8 18. Qd3 Bxf3 19. Rxf3 Ng4 20. h4 Nxh4 21. gxh4 Qxh4 22. Kf1 Nf6 23. Nd2 d5 24. Bxd5 Nxd5 25. exd5 exd4 26. Rxe8+ Rxe8 27. c4 Qh1# 0-1

[Event "Benidorm FEDC op 14th"]
[Site "Benidorm"]
[Date "2014.06.08"]
[Round "1"]
[White "Alarcon Alarcon, Florentina"]
[Black "Escalante Ortega, Fernando"]
[Result "0-1"]
[WhiteElo "1503"]
[BlackElo "1843"]
[PlyCount "66"]
[EventDate "2014.06.08"]
[EventType "swiss"]
[EventRounds "7"]
[EventCountry "ESP"]
[SourceTitle "EXT 2016"]
[Source "ChessBase"]
[SourceDate "2015.10.08"]
[SourceVersion "1"]
[SourceVersionDate "2015.10.08"]
[SourceQuality "1"]

1. e4 c5 2. Nf3 Nc6 3. d4 cxd4 4. Nxd4 Nf6 5. Nc3 e5 6. Nb3 Bb4 7. Bd3 d5 8. 0-0 Bxc3 9. bxc3 dxe4 10. Be2 0-0 11. Bg5 Qe7 12. h3 Rd8 13. Qc1 h6 14. Be3 b6 15. Kh1 Bb7 16. f4 exf3 17. Bxf3 Nd5 18. Qe1 Nxe3 19. Qxe3 Rac8 20. Rae1 f6 21. Be4 Na5 22. Bf5 Rc7 23. Qg3 g5 24. Qg4 Bc8 25. Rf3 Bxf5 26. Qxf5 Kg7 27. h4 Rc4 28. h5 Rh4+ 29. Kg1 Rxh5 30. Rh3 Rxh3 31. gxh3 Nxb3 32. axb3 Qc5+ 33. Kf1 Qxc3 0-1

[Event "Valladolid Once-ch 23rd"]
[Site "Valladolid"]
[Date "2012.11.24"]
[Round "7"]
[White "Alarcon Alarcon, Florentina"]
[Black "Melero Marti, Hector"]
[Result "1-0"]
[WhiteElo "1390"]
[BlackElo "1502"]
[PlyCount "149"]
[EventDate "2012.11.18"]
[EventType "swiss"]
[EventRounds "8"]
[EventCountry "ESP"]
[SourceTitle "CBM 151 Extra"]
[Source "ChessBase"]
[SourceDate "2012.12.18"]
[SourceVersion "1"]
[SourceVersionDate "2012.12.18"]
[SourceQuality "1"]

1. e4 d6 2. Nf3 g6 3. d4 Bg7 4. Nc3 Nf6 5. h3 0-0 6. Bd3 b6 7. 0-0 Bb7 8. Re1 Nbd7 9. Bf4 c5 10. d5 Re8 11. Ng5 Rc8 12. Be2 a6 13. Bg4 Nxg4 14. Qxg4 Nf6 15. Qh4 Qd7 16. e5 dxe5 17. Bxe5 h6 18. Nf3 b5 19. a3 a5 20. Rad1 b4 21. Ne4 Nxe4 22. Qxe4 Rcd8 23. Bxg7 Kxg7 24. Ne5 Qc7 25. Qf3 Rf8 26. Ng4 Rd6 27. Ne5 e6 28. Nc6 Bxc6 29. dxc6 Qxc6 30. Qxc6 Rxc6 31. Rd7 Rcc8 32. Ra7 Ra8 33. Rc7 Rfc8 34. Rb7 bxa3 35. bxa3 Rd8 36. Reb1 Rd2 37. R1b2 Rd1+ 38. Kh2 Rd2 39. Kg3 Rad8 40. Ra7 R8d3+ 41. cxd3 Rxb2 42. Kf3 Rb3 43. Rxa5 Rxd3+ 44. Ke4 c4 45. Ra4 f5+ 46. Ke5 c3 47. Rc4 c2 48. Rxc2 Rxa3 49. Rc7+ Kf8 50. Kf6 Ra8 51. Rf7+ Kg8 52. Kxg6 Ra2 53. Rg7+ Kf8 54. Kf6 Rxf2 55. Rc7 Kg8 56. Rg7+ Kh8 57. Kf7 e5 58. Rg3 h5 59. Rg6 Kh7 60. Rg5 Kh6 61. Kf6 e4 62. h4 f4 63. Rf5 e3 64. Re5 e2 65. Re8 Kh7 66. Kg5 Rxg2+ 67. Kxf4 Kg6 68. Kf3 Rh2 69. Rxe2 Rxh4 70. Re4 Rh3+ 71. Kg2 Ra3 72. Rh4 Kg5 73. Rh3 Ra2+ 74. Kh1 Kg4 75. Rh2 1-0

[Event "Valladolid Once-ch 23rd"]
[Site "Valladolid"]
[Date "2012.11.18"]
[Round "1"]
[White "Bernabe Monteagudo, Francisco"]
[Black "Alarcon Alarcon, Florentina"]
[Result "1/2-1/2"]
[WhiteElo "1819"]
[BlackElo "1390"]
[PlyCount "35"]
[EventDate "2012.11.18"]
[EventType "swiss"]
[EventRounds "8"]
[EventCountry "ESP"]
[SourceTitle "CBM 151 Extra"]
[Source "ChessBase"]
[SourceDate "2012.12.18"]
[SourceVersion "1"]
[SourceVersionDate "2012.12.18"]
[SourceQuality "1"]

1. e4 e5 2. Nf3 Nc6 3. Bc4 Nf6 4. Ng5 d5 5. exd5 Na5 6. Bb5+ c6 7. dxc6 bxc6 8. Qf3 h6 9. Ne4 Bb7 10. Ba4 Be7 11. a3 Nxe4 12. Qxe4 0-0 13. b4 c5 14. Qg4 cxb4 15. axb4 Nc6 16. c3 Nd4 17. 0-0 Ne6 18. Re1 1/2-1/2